01728nam a2200349Ia 450000500170000000800390001702000150005604100080007110000280007924500920010725000180019926400490021730000640026633600270033033700330035733800280039049000450041852004070046352100450087053400180091565000500093365000480098365000310103165000420106270000360110470000340114094200150117404000350118908400110122499900130123595201300124820220316235242.0121119s1994 mx a gr 000 j spa a96816452861 aspa1 aBrowne, Anthony,d1946-13aUn cuento de osocAnthony Browne ; traducción de Carmen Esteva ; editor Daniel Goldin a1a. edición 1aMéxicobFondo de Cultura Económicac1994 a[17] páginas sin enumerar bilustraciones a colorc15 cm. atextobtxt2rdacontent asin mediaciónbn2rdamedia avolumenbnc2rdacarrier0 aLos especiales de a la orilla del viento aUna vez más nuestro buen amigo el oso recorre el bosque en compañía de su lápiz, instrumento con el cual logra salir siempre de los apuros más extraños con solo dibujar lo que a cada situación corresponde; poro no es solo un paseo con pequeños percances sino todo un viaje a través del bosque de los cuentos de hadas en donde la fantasía y el misterio estarán a la orden del día aRecomendado para niños de 0 a 2 años tA bear-y tale142LEMBaÁlbumes infantiles inglesesySiglo XX142LEMBaLiteratura infantil inglesaySiglo XX142LEMBaAnimales vÁlbumes142LEMBaLibros ilustrados para niños 1 aEsteva, Carmenetraductor947491 aGoldin, Daniel eeditor98583 2loccBKLIT aCO-BoRNBPbspaerdacCO-BoRNBP aA BRO1 c378d378 00102ddc40708INFaMESJUANIbMESJUANIcSInfd2024-01-19l0oA BRO1pSJU00223r2024-01-19 20:52:25tEj.1w2024-01-19yBKLIT